Az új természettudományos szemlélet (new science) hatása az oktatásra az Egyesült Államokban

Elmentve itt :
Bibliográfiai részletek
Szerzők: Bievenue Lisa
Barna József
Dokumentumtípus: Cikk
Megjelent: 2002
Sorozat:Magyar pedagógia : a Magyar Tudományos Akadémia Pedagógiai Bizottságának folyóirata 102 No. 4
Kulcsszavak:Oktatás számítógép alkalmazása, Szemléltető oktatás természettudományos tantárgyak
Online Access:http://misc.bibl.u-szeged.hu/13998
LEADER 00833nab a2200193 i 4500
001 misc13998
005 20191106140831.0
008 170607s2002 hu o 0|| hun d
022 |a 0025-0260 
040 |a SZTE Miscellanea Repozitórium  |b hun 
041 |a hun 
100 1 |a Bievenue Lisa 
245 1 3 |a Az új természettudományos szemlélet (new science) hatása az oktatásra az Egyesült Államokban  |h [elektronikus dokumentum] /  |c  Bievenue Lisa 
260 |c 2002 
300 |a 433-444 
490 0 |a Magyar pedagógia : a Magyar Tudományos Akadémia Pedagógiai Bizottságának folyóirata  |v 102 No. 4 
695 |a Oktatás számítógép alkalmazása, Szemléltető oktatás természettudományos tantárgyak 
700 0 1 |a Barna József  |e aut 
856 4 0 |u http://misc.bibl.u-szeged.hu/13998/1/mp_2002_004_6330_433-444.pdf  |z Dokumentum-elérés